000 01238nam a2200241Ia 4500
003 OSt
005 20210810145752.0
008 210310s1994 ck fr 000 0 spa d
040 _aCO-JMCR
_cCO-JMCR
041 0 _aspa
082 0 4 _a332.6 /
_bV868e
_223
100 1 _aVélez Pareja, Ignacio,
_912045
_eautor
245 1 0 _aEvaluación financiera de proyectos de inversión /
_cIgnacio Vélez Pareja
260 _aBogotá :
_bMinisterio de Trabajo y Seguridad Social : Superintendencia del Subsidio Familiar,
_c1994
300 _a253 páginas ;
_c24 cm.
490 0 _aDocumentos del Subsidio Familiar ;
_v9
504 _aBibliografía al final de algunos capítulos.
505 0 _aEl proceso de decisión -- Costos para la toma de decisiones -- La tasa de interés, matemáticas financieras -- Determinación de la tasa de descuento -- Inversiones y presupuesto de capital -- Construcción del flujo de caja de un proyecto. Evaluación de proyectos en inflación. Leasing -- Decisiones bajo certidumbre -- Análisis de inversiones bajo riesgo: simulación
650 1 4 _aInversiones de capital
_916830
_xEvaluación
650 2 4 _aEvaluación de proyectos
_xManuales
_939231
650 2 4 _aAnálisis de costos
_939232
942 _2ddc
_cBK
999 _c8279
_d8279